Statystyki dla Policz do 50 w 30 sekund!

Kliknij tutaj aby rozwiązać quiz!

Ogólne statystyki

  • Ten quiz został rozwiązany 1 251 razy
  • Średni wynik to 39 z 50

Statystyki odpowiedzi

Odpowiedź% Poprawnych
1
100%
2
100%
3
99%
4
99%
5
99%
6
98%
7
98%
8
98%
9
97%
10
95%
11
95%
12
93%
13
93%
14
92%
15
92%
16
92%
17
91%
18
90%
19
90%
20
89%
21
88%
22
86%
23
86%
24
83%
25
83%
26
82%
27
81%
28
80%
29
78%
31
77%
30
76%
32
74%
33
73%
34
70%
35
67%
36
66%
37
65%
38
63%
39
61%
40
56%
41
55%
42
54%
43
53%
44
49%
45
46%
46
42%
47
41%
48
40%
49
39%
50
37%

Rozkład punktacji

Percentyl według liczby udzielonych odpowiedzi

Procent ludzi z każdym wynikiem

Twoja historia wyników

Nie rozwiązałeś tego quizu